Enseñar a leer en preescolar?

I tiakina i:
Ngā taipitopito rārangi puna kōrero
Kaituhi matua: Ollila, Lloyd O. (autor)
Hōputu: Pukapuka
Reo:Pāniora
I whakaputaina: Madrid Narcea 2001
Putanga:5a. ed
Rangatū:Primeros Años
Ngā marau:
Ngā Tūtohu: Tāpirihia he Tūtohu
Kāore He Tūtohu, Me noho koe te mea tuatahi ki te tūtohu i tēnei pūkete!

MARC

LEADER 00000nam a2200000 a 4500
001 UCI8515
003 CL-VaPUC
008 080911e20010000SP |||||||||||||||||spa|d
020 |a 8427704496 
082 0 4 |a 372.21  |b OLL  |2 21 
100 |a Ollila, Lloyd O.  |e autor  |9 531972 
245 1 0 |a Enseñar a leer en preescolar? 
250 |a 5a. ed 
300 |a 126 p 
942 |c BK 
945 |d 20080911 00:00:00  |a rbrito 
260 |a Madrid  |b Narcea  |c 2001 
650 0 |a Educación preescolar  |9 260381 
650 0 |a Enseñanza de la lectura  |9 308364 
650 7 |a LECTURA INFANTIL  |2 CL-VaPUC  |9 516870 
650 0 |a Lectura  |9 307634 
650 0 |a Aprendizaje   |9 254827 
583 |a last modification  |c 20080911 00:00:00  |k Rodrigo Vera 
490 0 |a Primeros Años 
999 |c 331356  |d 331354 
952 |0 0  |1 0  |4 0  |6 372_210000000000000_OLL_2001  |7 0  |8 A  |9 417901  |a BIBEDU  |b BIBEDU  |c ES_NOD  |d 2019-11-22  |i 4481208  |o 372.21 OLL 2001  |p 4481208  |r 2023-08-09  |w 2019-11-22  |y BK  |k PAR